000 00400nam a2200169Ia 4500
001 15680
003 IN-NITTTR
005 20251114233148.0
008 251113s9999||||xx |||||||||||||| ||eng||
040 _beng
040 _cIN-NITTTR
041 _aeng
082 _a658 N153S
100 _aNanjundaiah, R.
245 0 _aStrategic planning and business policy /
_cNanjundaiah, R.
942 _2ddc
_cBK
999 _c18314
_d18314